| 000 | 00495nam a2200181Ia 4500 | ||
|---|---|---|---|
| 005 | 20250529152109.0 | ||
| 008 | 008 250516s9999 xx 000 0 eng d | ||
| 020 | _a9781350250765 | ||
| 040 |
_beng _cSDCL |
||
| 041 |
_aeng _2eng |
||
| 084 | _aR391:(Q) R3 | ||
| 100 |
_aCox, James L. _9809853 |
||
| 245 | 0 |
_aPhenomenology of indigenous religions : _bTheory and practice |
|
| 260 |
_aNew Delhi: _bBloomsbury, _c2023. |
||
| 300 | _axv,252p. | ||
| 650 | _aPhilosophy | ||
| 942 |
_cTEXL _2CC |
||
| 999 |
_c1430018 _d1430018 |
||